Вопросы теории социализма в трудах Н. И. Бухарина (спецкурс)

Dades bibliogràfiques
Autor principal: Колесникова М. И. Майя Ивановна
Altres autors: Борзунов В. Ф. Валентин Федорович
Sumari:Исключено из фонда НТБ ТПУ
Idioma:rus
Publicat: Москва, Изд-во Московского ун-та, 1990
Format: Llibre
KOHA link:https://koha.lib.tpu.ru/cgi-bin/koha/opac-detail.pl?biblionumber=166588

MARC

LEADER 00000nam0a2200000 4500
001 166588
005 20231031162527.0
010 |a 5211019385 
035 |a (RuTPU)RU\TPU\book\180701 
090 |a 166588 
100 |a 20091005d1990 m y0rusy50 ca 
101 0 |a rus 
102 |a RU 
105 |a y z 001zy 
200 1 |a Вопросы теории социализма в трудах Н. И. Бухарина (спецкурс)  |f М. И. Колесникова, В. Ф. Борзунов 
210 |a Москва  |c Изд-во Московского ун-та  |d 1990 
215 |a 111 с.  |c ил. 
333 |a Исключено из фонда НТБ ТПУ 
700 1 |a Колесникова  |b М. И.  |g Майя Ивановна 
701 1 |a Борзунов  |b В. Ф.  |g Валентин Федорович 
801 1 |a RU  |b 63413507  |c 20091005 
801 2 |a RU  |b 63413507  |c 20220407  |g RCR 
942 |c BK